Theory of matrices
Αποθηκεύτηκε σε:
| Κύριος συγγραφέας: | |
|---|---|
| Μορφή: | Βιβλίο |
| Γλώσσα: | English |
| Δημοσίευση: |
New York :
Dover Publications,
1991
|
| Θέματα: | |
| Ετικέτες: |
Προσθήκη ετικέτας
Δεν υπάρχουν, Καταχωρήστε ετικέτα πρώτοι!
|
MARC
| LEADER | 00000nam a2200000 i 4500 | ||
|---|---|---|---|
| 001 | 1/72885 | ||
| 008 | 050308s1991 eng d | ||
| 020 | |a 0-486-66810-X (pbk.) | ||
| 035 | |l 10076945 | ||
| 040 | |a GR-MY-UA |b gre |e aacr | ||
| 041 | 0 | |a eng | |
| 082 | 0 | |a 512.9434 |2 (21) | |
| 100 | 1 | |a Perlis, Sam |d 1913- | |
| 245 | 1 | 0 | |a Theory of matrices / |c Sam Perlis |
| 260 | |a New York : |b Dover Publications, |c 1991 | ||
| 300 | |a xiv, 237 σ.; |c 21 εκ. | ||
| 500 | |a Originally published: Reading, Mass.: Addison-Wesley, 1952 | ||
| 504 | |a Περιλαμβάνει βιβλιογραφικές αναφορές και ευρετήριο | ||
| 650 | 0 | 0 | |a Matrices. |
| 852 | |a INST |b CHIOS |e 20050308 |h 512.9434 PER |p 005200021916 |q 005200021916 |t BK |y 0 | ||
| 901 | |a BIBL2-2005-1 | ||
| 909 | |a Χ |b 112984 | ||
| 920 | |a ΔΙΕΥΡΥΝΣΗ |b ΕΠΕΑΕΚ-ΤΜΟΔ |y ΧΙΟΣ |z 2004-12 | ||
| 970 | |a ΣΑΛΑΜΟΥΡΑ |b ΜΑΡΙΑ |z 2005/03/08 | ||